| 000 | 00403nam a22001457a 4500 | ||
|---|---|---|---|
| 008 | 220705b |||||||| |||| 00| 0 eng d | ||
| 020 | _a0521587875 | ||
| 050 |
_aBD111 _b.L45 1999 |
||
| 100 | _aLewis, David | ||
| 245 |
_aPapers in Metaphysics and Epistemology _cDavid Lewis |
||
| 260 |
_aNew York _bCambridge University Press _c1999 |
||
| 300 | _aix, 453p. | ||
| 650 | _aMetaphysics | ||
| 942 |
_2lcc _cBK |
||
| 999 |
_c19365 _d19364 |
||